Karikó Katalin megtartotta Nobel-előadását

Elmentve itt :
Bibliográfiai részletek
Dokumentumtípus: Cikk
Megjelent: 2023-12-07
Sorozat:24.hu
Kulcsszavak:Rendezvénysorozat - Nobel-hét - Stockholm, Karolinska Intézet - Stockholm, Nobel-előadás - "Developing mRNA for therapy" - "Az mRNS kifejlesztése gyógyításhoz", Volt egyetemi hallgató - Karikó Katalin - egyetemi tanár - Adjunct Professor of Neurosurgery, University of Pennsylvania - USA, Kutatás - Pfizer-BioNTech közös vakcinafejlesztés, Járvány - koronavírus, Járványügyi védekezés - koronavírus - mRNS vakcina - Pfizer-BioNTech - védőoltás, Kitüntetés - Nobel Prize in Physiology or Medicine - élettani-orvosi Nobel-díj, Nobel Assembly at the Karolinska Institute - Stockholm, Megosztva - Drew Weissman
Online Access:http://univ.bibl.u-szeged.hu/68658
LEADER 01206nab a2200157 i 4500
001 univ68658
005 20231208140330.0
008 231208s2023 hu o 0|| hun d
040 |a SZTE UnivHistória Repozitórium  |b hun 
041 |a hun 
245 0 0 |a Karikó Katalin megtartotta Nobel-előadását  |h [elektronikus dokumentum] 
260 |c 2023-12-07 
490 0 |a 24.hu 
561 |a Karikó Katalin sajtóarchívum 
695 |a Rendezvénysorozat - Nobel-hét - Stockholm, Karolinska Intézet - Stockholm, Nobel-előadás - "Developing mRNA for therapy" - "Az mRNS kifejlesztése gyógyításhoz", Volt egyetemi hallgató - Karikó Katalin - egyetemi tanár - Adjunct Professor of Neurosurgery, University of Pennsylvania - USA, Kutatás - Pfizer-BioNTech közös vakcinafejlesztés, Járvány - koronavírus, Járványügyi védekezés - koronavírus - mRNS vakcina - Pfizer-BioNTech - védőoltás, Kitüntetés - Nobel Prize in Physiology or Medicine - élettani-orvosi Nobel-díj, Nobel Assembly at the Karolinska Institute - Stockholm, Megosztva - Drew Weissman 
856 4 0 |u http://univ.bibl.u-szeged.hu/68658/1/Karik%C3%B3%20Katalin%20megtartotta%20Nobel-el%C5%91ad%C3%A1s%C3%A1t%20_%2024.hu.pdf  |z Dokumentum-elérés